Bajo el bramido del trueno / (Registro nro. 9256)

Detalles MARC
000 -LIDER
fixed length control field 00782nam a22003017a 4500
001 - NÚMERO DE CONTROL
Identificador de número de control 0175
003 - IDENTIFICACDOR DE NÚMERO DE CONTROL
control field DO-SdBNP
005 - DATE AND TIME OF LATEST TRANSACTION
control field 20160316101507.0
007 - CAMPOS FIJOS DE DESCRIPCIÓN FÍSICA
fixed length control field 0175
008 - ELEMENTOS DE LONGITUD FIJA
fixed length control field 151005b 200 2006 sp 00| 0 spa d
020 ## - ISBN
International Standard Book Number 8466627723
020 ## - ISBN
International Standard Book Number 8477224056
040 ## - FUENTE DE CATALOGACIÓN
Agencia que crea de manera original el registro BPMSU
Idioma de catalogación spa
Agencia que realiza la transcripción BPMSU
092 ## - LOCALLY ASSIGNED DEWEY DECIMAL CALL NUMBER
Número de clasificación XXXX
Número de ítem (Cutter) XXXX
100 1# - ASIENTO PRINCIPAL -- NOMBRE PERSONAL
Nombre personal Ibáñez, F.
245 10 - MENCIÓN DE TITULO
Título Bajo el bramido del trueno /
Mención de responsabilidad F. Ibáñez
260 ## - PUBLICACIÓN, DISTRIBUCIÓN, ETC. (PIE DE IMPRENTA)
Lugar de publicación, distribución, etc Barcelona :
Nombre del editor, distribuidor, etc. Ediciones B,
Fecha de publicación, distribución, etc 2006.
300 ## - DESCRIPCIÓN FÍSICA
Extensión 46 p :
Otros detalles físicos il.
Dimensiones 30cm.
490 1# - MENCIÓN DE SERIES
Mención de serie Mortadelo y Filemón
490 1# - MENCIÓN DE SERIES
Mención de serie Magos del humor
Volume/sequential designation 112
500 ## - NOTA GENERAL
Nota general Libro de pasta dura
500 ## - NOTA GENERAL
Nota general Incluye datos biografícos del autor
830 #0 - ASIENTO SECUNDARIO DE SERIE--TÍTULO UNIFORME
Título uniforme Mortadelo y Filemón
830 #0 - ASIENTO SECUNDARIO DE SERIE--TÍTULO UNIFORME
Título uniforme Magos del humor
Número de la parte o sección de una obra 112
910 ## - VALIDACIÓN
Validación 144
942 ## - ADDED ENTRY ELEMENTS (KOHA)
Source of classification or shelving scheme Dewey Decimal Classification
Koha item type Libros
956 ## - LOCAL ELECTRONIC LOCATION AND ACCESS (OCLC)
Nombre de host Yngrid Lockward
Existencias
Withdrawn status Lost status Source of classification or shelving scheme Damaged status Not for loan Collection code Home library Current library Date acquired Source of acquisition Total Checkouts Barcode Date last seen Price effective from Koha item type
    Dewey Decimal Classification       Biblioteca Pública Metropolitana Salomé Ureña Biblioteca Pública Metropolitana Salomé Ureña 03/16/2016 Donación   BPMET16030131 03/16/2016 03/16/2016 Libros